Recursos naturales en Centroamérica, Hoy /

Shranjeno v:
Bibliografske podrobnosti
Autores Corporativos: CSUCA, IICA
Format: Neznan
Izdano: Heredia :
Oznake: Označite
Brez oznak, prvi označite!

MARC

LEADER 00000 a2200000 04500
001 15152
003
008 991231s d
040
090 |a 018220  
110 |a CSUCA  
245 |a Recursos naturales en Centroamérica, Hoy /  |c CSUCA  
260 |a Heredia :  
300 |a viii; 520 p.  
710 |a IICA  
999 |c 3027  |d 3027